The light of meridian / (Record no. 2344)
[ view plain ]
| 000 -LEADER | |
|---|---|
| fixed length control field | 01873cam a22003373a 4500 |
| 005 - DATE AND TIME OF LATEST TRANSACTION | |
| control field | 20240719154528.0 |
| 020 ## - INTERNATIONAL STANDARD BOOK NUMBER | |
| International Standard Book Number | 0786817968 (pbk.) : |
| Terms of availability | $4.99 |
| 020 ## - INTERNATIONAL STANDARD BOOK NUMBER | |
| International Standard Book Number | 9780786817962 |
| 040 ## - CATALOGING SOURCE | |
| Original cataloging agency | FTL |
| Transcribing agency | FTL |
| Modifying agency | DLC |
| Language of cataloging | eng |
| 050 00 - LIBRARY OF CONGRESS CALL NUMBER | |
| Classification number | CPB Box no. 2260 vol. 31 |
| 082 ## - DEWEY DECIMAL CLASSIFICATION NUMBER | |
| Edition number | 303 |
| 100 1# - MAIN ENTRY--PERSONAL NAME | |
| Personal name | Komorn, Julie |
| 245 14 - TITLE STATEMENT | |
| Title | The light of meridian / |
| Statement of responsibility, etc. | adapted by Julie Komorn. |
| 260 ## - PUBLICATION, DISTRIBUTION, ETC. | |
| Place of publication, distribution, etc. | New York : |
| Name of publisher, distributor, etc. | Disney Enterprises, |
| Date of publication, distribution, etc. | 2004 |
| 300 ## - PHYSICAL DESCRIPTION | |
| Extent | 144 pages P |
| Other physical details | illustrations |
| Dimensions | 19 cm |
| 490 0# - SERIES STATEMENT | |
| Series statement | W.i.t.c.h. ; |
| Volume/sequential designation | 7 |
| 500 ## - GENERAL NOTE | |
| General note | "Comic inserts inside!"--Cover. |
| 505 ## - FORMATTED CONTENTS NOTE | |
| Formatted contents note | R |
| 520 ## - SUMMARY, ETC. | |
| Summary, etc. | Will, Irma, Taranee, Cornelia, and Hay Lin (W.i.t.c.h.) are five ordinary friends with an extraordinary secret: they each have the power to control a natural element-air, water, fire, earth, and finally, the mysterious "Heart of Candracar." The girls use their powers to guard against evil and to uncover the truth behind mysterious portals leading to other worlds. Between school, family, and a new interest in boys, these girls had enough to worry about! But now they have the secret to turn into a group of friends with special powers . . . destined to fight the evil Prince Phobos in the magic world of Metamoor. W.i.t.c.h. combines fashion and fantasy, magic and middle school, heroism and humor, friendship and family, teamwork and transformation, in a wholesome mix proven to charm the tween girl market. Introducing a hybrid format that combines four-color comics with a traditional chapter book format. |
| 521 ## - TARGET AUDIENCE NOTE | |
| Target audience note | 800 <br/> |
| Source | Lexile estimate<br/> |
| 521 ## - TARGET AUDIENCE NOTE | |
| Target audience note | R <br/> |
| Source | Raz-Plus<br/> |
| 650 #0 - SUBJECT ADDED ENTRY--TOPICAL TERM | |
| Topical term or geographic name entry element | Teenagers |
| Form subdivision | Fiction. |
| 650 #0 - SUBJECT ADDED ENTRY--TOPICAL TERM | |
| Topical term or geographic name entry element | Magic |
| Form subdivision | Fiction. |
| 650 #0 - SUBJECT ADDED ENTRY--TOPICAL TERM | |
| Topical term or geographic name entry element | Friendship |
| General subdivision | Fiction. |
| 650 #0 - SUBJECT ADDED ENTRY--TOPICAL TERM | |
| Topical term or geographic name entry element | Graphic novels. |
| 655 #7 - INDEX TERM--GENRE/FORM | |
| Genre/form data or focus term | Children's stories. |
| Source of term | lcsh |
| 655 #7 - INDEX TERM--GENRE/FORM | |
| Genre/form data or focus term | Fantasy fiction. |
| Source of term | gsafd |
| 906 ## - LOCAL DATA ELEMENT F, LDF (RLIN) | |
| a | 7 |
| b | cbc |
| c | copycat |
| d | 2 |
| e | ncip |
| f | 20 |
| g | y-genrareb |
| 942 ## - ADDED ENTRY ELEMENTS (KOHA) | |
| Source of classification or shelving scheme | Dewey Decimal Classification |
| Koha item type | Books |
| Suppress in OPAC | No |
| 999 ## - | |
| -- | 2344 |
| -- | 2344 |
| Withdrawn status | Lost status | Source of classification or shelving scheme | Damaged status | Not for loan | Collection | Home library | Current library | Shelving location | Date acquired | Total Checkouts | Full call number | Barcode | Date last seen | Price effective from | Koha item type |
|---|---|---|---|---|---|---|---|---|---|---|---|---|---|---|---|
| Dewey Decimal Classification | Fiction | Footprints International School Library Network Toul Kork Campus | Footprints International School Library Network Toul Kork Campus | A TK Campus, Comic Books (All Reading Levels), B401 Bookcase 1/2, Shelf 3 | 11/17/2023 | KOM 303CPB Box no. 2260 vol. 31 | FISTK00457 | 11/17/2023 | 11/17/2023 | Books |
